000 00312 a2200133 4500
999 _c324328
_d324328
001 89255
003 NUST
082 _a891.4393 BAN
100 _aBanoo Qodsia
_99797
245 _aBaaz e Gasht
260 _aLahore
_bSang-e-meel Publications
_c2011
300 _a300p.
500 _aGeneral Books
942 _aCAE NUST
_cBK
_k891.4393 BAN
_2ddc